000 00472nam a22001817a 4500
003 CEME
005 20210628203513.0
008 210120b xxu||||| |||| 00| 0 eng d
020 _a0-07-018775-4
040 _c.
082 _a651.7 MUR
100 _aMurphy Herta A, Hidebrandt Herbert W, Thomas Jane P
_965874
245 _aEffective business communication
250 _a7TH
260 _aNEW DELHI
_bTATA MCGRAW HILL
_c2008
300 _aXX 618P
942 _cBK
_2ddc
999 _c573959
_d573959